| 000 | 00495nam a2200169 i 4500 | ||
|---|---|---|---|
| 001 | 24795 | ||
| 003 | ES-MaACL | ||
| 005 | 20230906153130.0 | ||
| 007 | t| | ||
| 008 | 021218s1966 sp ||||1| spa d | ||
| 100 | 1 |
_aAñón Paz, Francisco. _922025 |
|
| 245 | 1 | 0 |
_aPoesías gallegas / _cFrancisco Añón Paz. |
| 260 |
_aA Coruña : _bReal Academia Galega, _c1966. |
||
| 300 |
_a142 p. : _bretr. aut. ; _c25 cm. |
||
| 710 | 2 |
_aReal Academia Gallega. _96341 |
|
| 852 |
_aES-MaACL _jC-30196 _bR.60329 |
||
| 999 |
_c24795 _d24795 |
||